000 00390nam a2200157 a 4500
001 2775
005 20140414131854.0
008 050928s19uu xx 00 eng d
020 _a0-689-71512-9
050 _aM 398.2
_bC63 1983
100 _aSusan Cooper
245 _aThe silver cow.
260 _aNew York :
_bAladdin Books,
_c1983.
300 _a1 v. p. : ill. ; cm.
999 _c110359
_d110359